| 000 | 01293nam a22003137a 4500 | ||
|---|---|---|---|
| 005 | 20170717103046.0 | ||
| 010 | _a1516EN07 ENG-114731 | ||
| 020 |
_a9789332550377 _c450.00 |
||
| 020 |
_a9789332550377 _c529.00 (AV) |
||
| 035 | _aEN-98263 | ||
| 035 | _aB-613380-394 | ||
| 035 | _aB-668050 | ||
| 037 |
_aDPL _bTechniz/Ven |
||
| 037 | _bDBAD/PUB | ||
| 082 | _a361.32 | ||
| 100 | _aJohnson, Louise C. | ||
| 245 |
_aSocial work practice : _cby Louise C.Johnson [and] Stephen J.Yanca _ba generalist approach / |
||
| 250 | _a10th ed | ||
| 260 |
_aNew Delhi _bPearson Education _c2015 |
||
| 270 |
_a11 Community Center, Panchsheel Park _bNew Delhi _e110017 |
||
| 300 |
_axx,459p.: _bill. _c25cm(pbk) |
||
| 500 | _aIncludes bibliographical references and index | ||
| 650 | _aSocial service. | ||
| 650 | _aSocial case work. | ||
| 700 | _aYanca,Stephen J. | ||
| 942 |
_2ddc _cEN _mJOH _h361.32 |
||
| 999 |
_c95850 _d95850 |
||